000 01086nam a2200229 a 4500
005 20170710162346.0
008 161118s2009 ck a||||r|||| 00| 0 spa d
020 _a9789588332215
040 _aCO-BoIAVH
_cCO-BoIAVH
041 0 4 _aspa
044 _ack
090 _aFG-
_b0093
110 _aCorporación Autonoma Regional del Valle del cauca CVC
245 0 0 _aMacroinvertebrados, macrofitas y peces de la Reserva Natural Laguna de Sonso /
260 _aCali, Colombia :
_bCorporación Autónoma Regional del Valle del Cauca,
_c2009.
300 _a1 folleto plegable :
_bilustraciones a color ;
_c22 x 10 cm.
650 2 4 _aMacroinvertebrados
_vGuía
_xidentificación
_zReserva Natural Laguna de Sonso (Valle del Cauca, Colombia)
650 2 4 _aMacrófitas
_xidentificación
_zReserva Natural Laguna de Sonso (Valle del Cauca, Colombia)
_vGuía
650 2 6 _aPeces
_xidentificación
_zReserva Natural Laguna de Sonso (Valle del Cauca, Colombia)
_vGuía
710 2 _aCorporación Autónoma Regional del Valle del Cauca - CVC
942 _2z
_cFolleto
999 _c19125
_d19125